Invincible Superheroes - Statistics

General Stats
  • This quiz has been taken 244 times
  • The average score is 16 of 37
Answer Stats
Superhero % Correct
Invincible
96%
Omni-Man
96%
Atom Eve
92%
Immortel
91%
Rex Splode
89%
Dupli-Kate
86%
Robot
85%
Red Rush
78%
Monster Girl
77%
War Woman
72%
Darkwing
69%
Bulletproof
68%
Green Ghost
68%
Black Samson
60%
Shapesmith
58%
Martian Man
57%
Shrinking Rae
55%
Aquarus
49%
Kid Omni-Man
43%
Brit
36%
Tech Jacket
36%
Business Baby
31%
Kid Thor
17%
Wolf-Man
13%
Best Tiger
12%
Spawn
11%
Drop Kick
6%
The Hunk
6%
Agent Spider
5%
Big Mildew
5%
Darkwing Jr.
5%
Fightmaster
5%
Green Ghost 2
3%
Yeti
3%
Kaboomerang
1%
Invincible Jr.
0%
Superpatriot
0%
No matching quizzes found
Score Distribution
Percent of People with Each Score
Percentile by Number Answered
Your Score History
You have not taken this quiz